000 01673nam a22002657a 4500
005 20240305165447.0
007 cr|||| ||||
008 170216s2016 es |||||s|||| 00||0 spa d
020 _a978-84-7351-534-4
035 _a14727
040 _avLex
090 _c6555
_d6555
100 1 _aCaraza Cristín, María del Mar
245 1 2 _aLa responsabilidad patrimonial de la administración y su relación con los estándares de calidad de los servicios públicos
_h[Recurso electrónico] /
_cMaría del Mar Caraza Cristín
256 _aServicio en línea
260 _aMadrid:
_bInstituto Nacional de Administración Pública (INAP),
_c2016
300 _a1 recurso electrónico
500 _aDesde la clásica formulación de Hauriou, la responsabilidad administrativa constituye, junto con el contencioso-administrativo, uno de los pilares del Derecho Administrativo, concebido este como un Derecho garantizador que protege al individuo frente a los daños que las Administraciones Públicas puedan causarle como consecuencia de su actividad.
506 1 _aDisponible solo en los productos indicados
_dvLex Global
_dvLex Global (Academic Edition, excluding Law Schools)
_dvLex Global (U.S. Academic Edition, Law Schools)
_dvLex Global (U.S. Academic Edition, excluding Law Schools)
_dvLex Global (Academic Edition, Law Schools)
650 0 4 _aDerecho Público y Administrativo
_zEspaña
650 0 4 _aServicios públicos
_zEspaña
740 0 _avLex Libros (Servicio en línea)
856 4 0 _uhttps://app.vlex.com/#/sources/responsabilidad-patrimonial-de-la-administracion-y-su-relacion-con-los-estandares-de-calidad-de-los-servicios-publicos-14727
942 _cRAA
999 _c164803
_d164803